000
00231 a2200097 4500
001
29358
100
_a
Sander
245
_a
Transmission and propagation of Electromagnetic Waves
260
_a
_b
Cambridge
_c
090
_c
19585
_d
19585
942
_a
NUST-CAE
_c
M
_c
10652
999
_c
264431
_d
264431